Statistics for Global beers A to Z

Click here to take the quiz!

General Stats

  • This quiz has been taken 93 times
    (27 since last reset)
  • The average score is 10 of 25

Answer Stats

Hint Answer % Correct
Irish stoutGGuinness
93%
Mexican mainstream mainstayCCorona
89%
World famous DutchHHeineken
89%
Aussie G'Day MateFFoster's
81%
Spanish "star"EEstrella Damm
74%
Geordie beer (aka "upon Tyne")NNewcastle Brown Ale
70%
Tokyo lagerAAsahi
59%
Rastafarian island favoriteRRed Stripe
59%
Australian "Porn + 1 more"XXXXX Gold
44%
Belgian mainstream AbbeyLLeffe
37%
Thai dragonSSingha
37%
The other famous Danish beerTTuborg
33%
German brand and style named for cityDDortmunder Actionbrau
26%
English "common name"JJohn Smith's
26%
The original Czech PilsenerUUrquell
26%
The oldest American-owned brewYYuengling
22%
Moustached ItalianMMoretti
22%
Alsatian "crown"KKronenbourg
19%
Munich Oktoberfest ClassicPPaulaner
15%
Authentic Belgian TrappistWWestmalle
15%
Geriatric Wisconsin brewOOld Milwaukee
11%
Poland's prideZZywiec
11%
Scottish brew aged in oak barrelsIInnis & Gunn
7%
Argentina's brandQQuilmes
4%
Brazil's South German brewBBavaria
4%

Score Distribution

Percentile by Number Answered

Percent of People with Each Score

Your Score History

You have not taken this quiz since the last reset